Paměti lesa. Vzpomínky krtka Ferdinanda /
Dojemný příběh sleduje lišáka Archibalda a starého krtka Ferdinanda na cestě za záchranou vzpomínek, které Ferdinandovi postupně krade nemoc zvaná zapomínka.
Uloženo v:
| Série: | Paměti lesa,
část 1 |
|---|---|
| Hlavní autor: | |
| Další autoři: | , |
| Médium: | E-kniha |
| Jazyk: | Czech |
| Vydáno: |
Praha :
Dobrovský s.r.o.,
2025
|
| Edice: | Drobek
|
| Témata: | |
| Příbuzné jednotky: | Z cyklu::
Paměti lesa |
| Tagy: |
Žádné tagy |
| LEADER | 03113nam a2200541 i 4500 | ||
|---|---|---|---|
| 001 | 312879 | ||
| 003 | CZ PrSKC | ||
| 005 | 20260601215730.0 | ||
| 007 | ta | ||
| 008 | 251114s2025 xr a c 000 j cze | ||
| 015 | |a cnb003720495 | ||
| 020 | |a 9788027744367 |q (vázáno) | ||
| 035 | |a (OCoLC)1584376755 | ||
| 040 | |a ABG001 |b cze |d BOA001 |d ABA001 |e rda | ||
| 041 | 1 | |a cze |h fre | |
| 072 | 7 | |a 821.133.1-3 |x Francouzská próza, francouzsky psaná |2 Konspekt | |
| 072 | 7 | |a 821-93 |x Literatura pro děti a mládež (beletrie) |2 Konspekt | |
| 080 | |a 821.133.1-32 |2 MRF | ||
| 080 | |a 821-93 |2 MRF | ||
| 080 | |a (0:82-32) |2 MRF | ||
| 100 | 1 | |a Brun-Arnaud, Mickaël, |d 1986- |7 xx0338365 |4 aut | |
| 240 | 1 | 0 | |a Souvenirs de Ferdinand Taupe. |l Česky |
| 245 | 1 | 0 | |a Paměti lesa. |p Vzpomínky krtka Ferdinanda / |c Mickaël Brun-Arnaud ; ilustrovala Sanoe ; přeložila Tereza Hodinová |
| 246 | 3 | 0 | |a Vzpomínky krtka Ferdinanda |
| 264 | 1 | |a Praha : |b Dobrovský s.r.o., |c 2025 | |
| 300 | |a 254 stran : |b barevné ilustrace ; |c 21 cm | ||
| 336 | |a text |b txt |2 rdacontent | ||
| 337 | |a bez média |b n |2 rdamedia | ||
| 338 | |a svazek |b nc |2 rdacarrier | ||
| 490 | 1 | |a Drobek | |
| 500 | |a Přeloženo z francouzštiny | ||
| 500 | |a Na hřbetu označení: 1 | ||
| 520 | 2 | |a Dojemný příběh sleduje lišáka Archibalda a starého krtka Ferdinanda na cestě za záchranou vzpomínek, které Ferdinandovi postupně krade nemoc zvaná zapomínka. |b V dutině dubu v lese Kráskorky má své knihkupectví lišák Archibald. Každé zvíře tam může zanechat knihu, kterou napsalo, a doufat, že si ji jednoho dne někdo koupí. Od doby, kdy krtek Ferdinand začal ztrácet vzpomínky, se tam zoufale snaží najít knihu, kterou napsal. Jen tak si bude moci uspořádat své paměti a vzpomenout si na věci, které dělal, a na lidi, které měl rád! Existuje pouze jediný výtisk, který před lety odložil v knihkupectví. Ale právě s ním odešel tajemný zákazník. Za pomoci starých fotografií se Archibald a Ferdinand vydávají po jeho stopách na cestu lesem, která se pohybuje na hranici snů, vzpomínek a skutečnosti. Nakladatelská anotace. Kráceno. | |
| 655 | 7 | |a francouzské příběhy |7 fd184214 |2 czenas | |
| 655 | 7 | |a publikace pro děti |7 fd133156 |2 czenas | |
| 655 | 9 | |a French stories |2 eczenas | |
| 655 | 9 | |a children's literature |2 eczenas | |
| 700 | 0 | |a Sanoe, |d 1982- |7 xx0338367 |4 ill | |
| 700 | 1 | |a Hodinová, Tereza |7 pna2017953349 |4 trl | |
| 710 | 2 | |a Dobrovský (firma) |7 olak2017946581 |4 pbl | |
| 765 | 1 | |t Mémoires de la forêt | |
| 787 | 0 | 8 | |i Z cyklu: |t Paměti lesa |g 1 |
| 830 | 0 | |a Drobek | |
| 900 | |a ABA001 |b 20 | ||
| 044 | |a xr | ||
| 910 | |a RBIT002 | ||
| 998 | |d 423941 |a https://core.palmknihy.cz/api/books/423941/cover?t60sbo |b https://core.palmknihy.cz/api/books/423941/cover/400?t60sbo |c https://core.palmknihy.cz/api/books/423941/cover/50?t60sbo |e 2030-03-08 |g 256 |i 9788027744367 |j https://core.palmknihy.cz/api/books/423941/preview.epub |k https://core.palmknihy.cz/api/books/423941/preview.pdf |l |q 49 |r 1 |s https://www.palmknihy.cz/kniha/423941 |t ebook |y 2025 |z 0 |v Paměti lesa |w 1 | ||
| 999 | |d 312877 | ||